Airport engineering / (Record no. 554272)
[ view plain ]
| 000 -LEADER | |
|---|---|
| fixed length control field | 00502cam a2200157 i 4500 |
| 020 ## - INTERNATIONAL STANDARD BOOK NUMBER | |
| International Standard Book Number | 9789385039355 |
| 082 00 - DEWEY DECIMAL CLASSIFICATION NUMBER | |
| Classification number | 629.136 |
| Author Mark | RAN |
| -- | NUST-02-P-99 |
| 100 1# - MAIN ENTRY--PERSONAL NAME | |
| Personal name | Rangwala, S.G.. |
| 9 (RLIN) | 51711 |
| 245 10 - TITLE STATEMENT | |
| Title | Airport engineering / |
| Statement of responsibility, etc. | Rangwala S,G. |
| Remainder of title | A textbook for engineering students |
| 250 ## - EDITION STATEMENT | |
| Edition statement | 17th ed. |
| 260 ## - PUBLICATION, DISTRIBUTION, ETC. | |
| Place of publication, distribution, etc. | New Delhi: |
| Name of publisher, distributor, etc. | Charotar publishers, |
| Date of publication, distribution, etc. | 2017. |
| 300 ## - PHYSICAL DESCRIPTION | |
| Extent | xvi, 288 p. : |
| Other physical details | ill. ; |
| Dimensions | 24 cm. |
| 526 ## - STUDY PROGRAM INFORMATION NOTE | |
| Program name | 0 |
| Interest level | 0 |
| Reading level | 0 |
| Title point value | 629_136000000000000_RAN |
| 650 #0 - SUBJECT ADDED ENTRY--TOPICAL TERM | |
| Topical term or geographic name entry element | Airports |
| General subdivision | Planning. |
| 9 (RLIN) | 7047 |
| 942 ## - ADDED ENTRY ELEMENTS (KOHA) | |
| Source of classification or shelving scheme | |
| Koha item type | Book |
| Withdrawn status | Lost status | Source of classification or shelving scheme | Damaged status | Not for loan | Permanent Location | Current Location | Date acquired | Cost, normal purchase price | Total Checkouts | Total Renewals | Full call number | Barcode | Date last seen | Date last checked out | Price effective from | Koha item type |
|---|---|---|---|---|---|---|---|---|---|---|---|---|---|---|---|---|
| Military College of Engineering (MCE) | Military College of Engineering (MCE) | 08/30/2019 | 286.53 | 2 | 2 | 629.136 RAN | MCE-51095 | 01/07/2021 | 01/07/2021 | 08/30/2019 | Book |
